000 01115nam a22002891 4500
001 16532
003 BD-RjUL
005 20211209000024.0
008 140213s19551954enk b 001 0 eng d
035 _a(BD-RjUL)16587
035 _a(OCoLC)1124959
040 _aDLC
_cRUn
_dOCoLC
_dUk
_dDLC
_dBD-RjUL
_beng
041 _aeng
082 0 0 _a711
_bASG 1955
100 1 _aAshworth, William.
_951094
245 1 4 _aThe genesis of modern British town planning :
_ba study in economic and social history of the nineteenth and twentieth centuries /
_cWilliam Ashworth.
260 _aLondon,
_bRoutledge & Paul
_c[1954]
300 _axii, 259 p. :
_c23 cm.
490 1 _aInternational library of sociology and social reconstruction
500 _a"A revised version of a thesis approved for the ... degree of Ph. D. in the University of London in 1950."
504 _aBibliography: p. 238-252. and index.
650 0 _aCity planning
_zGreat Britain.
_95728
830 0 _aInternational library of sociology and social reconstruction (London)
_951271
942 _2ddc
_cBK
999 _c16532
_d16532